| 000 | 00816nam a2200265Ia 4500 | ||
|---|---|---|---|
| 003 | OSt | ||
| 005 | 20220918170450.0 | ||
| 006 | a|||||r|||| 00| 0 | ||
| 007 | ta | ||
| 008 | 220917b |||||||| |||| 00| 0 eng d | ||
| 020 |
_a9780231138307 (hbk) _c4738.5 |
||
| 024 | _a284,368 | ||
| 037 |
_b12062, 10/03/2015, Elite Publishers Distributors _cTextual |
||
| 040 |
_aARTS _cARTS _beng |
||
| 041 |
_2eng _aeng |
||
| 082 | _aV2:66, Q4.2 | ||
| 100 |
_aMcDermott Rachel fell _929218 |
||
| 245 | 0 | _aSources of Indian traditions | |
| 250 | _a3rd ed. | ||
| 260 |
_aNew York _bColumbia University Press USA _c2014 |
||
| 300 |
_alv,963p. _ccm. |
||
| 650 | _aHISTORY | ||
| 942 |
_hV2:66, Q4.2 _cTEXL _2CC |
||
| 999 |
_c134274 _d134274 |
||